[Event "Rome Elo op 2nd"]
[Site "Rome"]
[Date "2009.01.21"]
[Round "2"]
[White "Piccolo, Giuseppe"]
[Black "Vanzan, Alessandro"]
[Result "0-1"]
[WhiteElo "1635"]
[BlackElo "1788"]
[PlyCount "86"]
[EventDate "2009.01.14"]
[EventType "swiss"]
[EventRounds "7"]
[EventCountry "ITA"]
[SourceTitle "EXT 2011"]
[Source "ChessBase"]
[SourceDate "2010.11.26"]
[SourceVersion "1"]
[SourceVersionDate "2010.11.26"]
[SourceQuality "1"]

1. e4 c5 2. Nc3 d6 3. g3 Nc6 4. Bg2 Nf6 5. d3 g6 6. h3 Bg7 7. Be3 0-0 8. Qd2 Nd4 9. Nd1 Re8 10. c3 Nc6 11. Ne2 Rb8 12. 0-0 Bd7 13. f4 e6 14. g4 Rf8 15. Ng3 b5 16. g5 Ne8 17. h4 b4 18. f5 bxc3 19. Nxc3 Be5 20. Bf4 Bd4+ 21. Be3 Bxe3+ 22. Qxe3 Rxb2 23. f6 Nd4 24. Rab1 Qb6 25. Na4 Bxa4 26. Rxb2 Qxb2 27. Rf2 Qc3 28. h5 Nc2 29. Qe2 Nd4 30. Qe3 Nc7 31. hxg6 hxg6 32. Qf4 Qe1+ 33. Rf1 Qxg3 34. Qxg3 Ne2+ 35. Kh2 Nxg3 36. Kxg3 Rb8 37. Rf2 Rb4 38. Kf3 Nb5 39. Ke3 Nd4 40. Kd2 Rb2+ 41. Ke3 Nc2+ 42. Kd2 Nb4+ 43. Kc1 Rxf2 0-1